01057 2200313 4500001002100000005001500021035002000036007000300056008004100059020002200100040002200122082001700144084001900161090002200180100005100202245013800253250004100391300004700432650002300479700004500502850001200547504003400559264003200593336002100625337003000646338002300676999002200699990002200721INLIS00000000086872720220314105408 a0010-0322000393ta220314s2021 yoia g ind d a978-623-6476-45-1 aYOPDYOGbinderda04223a658.4012 a658.4012 SIH m aCB-D.11 2021-22593 aSihombing, Yonge Liston Verwind1973-epenulis10aManajemen strategi sektor publik :bkonsep, teori dan implementasi /cpenulis, Yonge Liston Verwin Sihombing, Helena Tatcher Pakpahan aEdisi pertama, Cetakan pertama, 2021 avii, 204 halaman :bgambar, tabel ;c24 cm 4aManajemen strategi3 aPakpahan, Helena Tatcherd1979-epenulis aYOPDYOG aBibliografi halaman [201]-20431aYogyakarta :bExpert,c2021 2rdacontentateks 2rdamediaatanpa perantara 2rdacarrieravolume aCB-D.11/2021-2259 aCB-D.11/2021-2259